Получение ультрадисперсных материалов в сверхзвуковой струе вольфрам-углеродной электроразрядной плазмы
| Hovedforfatter: | |
|---|---|
| Corporate Authors: | , |
| Andre forfattere: | |
| Summary: | Деп. в ВИНИТИ РАН 30.11.2015, № 195-В2015 Разработан коаксиальный магнитоплазменный ускоритель (КМПУ) с графитовыми электродами, обеспечивающий генерирование сверхзвуковых импульсных струй углеродной электроразрядной плазмы и проведение эксперим. исследований по плазмодинамич. синтезу ультрадисперсных кристаллич. материалов в газоплазменных системах с углеродом, углеродом и азотом, а также на основе вольфрама, бора, кремния, титана и др. Устройство на основе двух встречно направленных КМПУ с графитовыми ускорительными каналами обеспечивает реализацию нового способа получения карбидов вольфрама, многослойных нанотрубок и новой углеродной кристаллич. структуры, допированной азотом, в виде квазидвумерных мультислойных нанокристаллов. При встречном взаимодействии двух сверхзвуковых струй углеродной электроразрядной плазмы в среде газообразного азота при нормальных условиях происходит образование кристаллич. фазы близкой к гипотетическому гексагональному нитриду углерода hC3N4. В фонде НТБ ТПУ отсутствует |
| Sprog: | russisk |
| Udgivet: |
Томск, 2015
|
| Fag: | |
| Format: | MixedMaterials Bog |
| KOHA link: | https://koha.lib.tpu.ru/cgi-bin/koha/opac-detail.pl?biblionumber=602792 |
MARC
| LEADER | 00000nam0a2200000 4500 | ||
|---|---|---|---|
| 001 | 602792 | ||
| 005 | 20240407064714.0 | ||
| 029 | 0 | 0 | |a RU |b 195-В2015 |f ВИНИТИ |
| 035 | |a (RuTPU)RU\TPU\tpu\29386 | ||
| 035 | |a RU\TPU\tpu\26868 | ||
| 090 | |a 602792 | ||
| 100 | |a 20171107j20151130k y0rusy50 ca | ||
| 101 | 0 | |a rus | |
| 102 | |a RU | ||
| 105 | |a y z 000zy | ||
| 200 | 1 | |a Получение ультрадисперсных материалов в сверхзвуковой струе вольфрам-углеродной электроразрядной плазмы |f А. Я. Пак, А. А. Сивков |g Национальный исследовательский Томский политехнический университет (ТПУ) | |
| 210 | |a Томск |d 2015 | ||
| 215 | |a 118 с. |c ил. | ||
| 300 | |a Деп. в ВИНИТИ РАН 30.11.2015, № 195-В2015 | ||
| 320 | |a Библиогр.: 145 назв. | ||
| 330 | |a Разработан коаксиальный магнитоплазменный ускоритель (КМПУ) с графитовыми электродами, обеспечивающий генерирование сверхзвуковых импульсных струй углеродной электроразрядной плазмы и проведение эксперим. исследований по плазмодинамич. синтезу ультрадисперсных кристаллич. материалов в газоплазменных системах с углеродом, углеродом и азотом, а также на основе вольфрама, бора, кремния, титана и др. Устройство на основе двух встречно направленных КМПУ с графитовыми ускорительными каналами обеспечивает реализацию нового способа получения карбидов вольфрама, многослойных нанотрубок и новой углеродной кристаллич. структуры, допированной азотом, в виде квазидвумерных мультислойных нанокристаллов. При встречном взаимодействии двух сверхзвуковых струй углеродной электроразрядной плазмы в среде газообразного азота при нормальных условиях происходит образование кристаллич. фазы близкой к гипотетическому гексагональному нитриду углерода hC3N4. | ||
| 333 | |a В фонде НТБ ТПУ отсутствует | ||
| 610 | 1 | |a труды учёных ТПУ | |
| 610 | 1 | |a депонированные рукописи | |
| 700 | 1 | |a Пак |b А. Я. |c специалист в области электротехники |c профессор Томского политехнического университета, доктор технических наук |f 1986- |g Александр Яковлевич |y Томск |3 (RuTPU)RU\TPU\pers\30051 |9 14481 | |
| 701 | 1 | |a Сивков |b А. А. |c специалист в области электроэнергетики |c профессор Томского политехнического университета, доктор технических наук |f 1951- |g Александр Анатольевич |3 (RuTPU)RU\TPU\pers\26846 |9 12465 | |
| 712 | 0 | 2 | |a Национальный исследовательский Томский политехнический университет (ТПУ) |c (2009- ) |3 (RuTPU)RU\TPU\col\15902 |
| 712 | 0 | 2 | |a Национальный исследовательский Томский политехнический университет (ТПУ) |b Энергетический институт (ЭНИН) |b Кафедра электроснабжения промышленных предприятий (ЭПП) |3 (RuTPU)RU\TPU\col\18676 |
| 801 | 1 | |a RU |b 63413507 |c 20120220 | |
| 801 | 2 | |a RU |b 63413507 |c 20171107 |g RCR | |
| 942 | |c BK | ||